L'exilée / (Record no. 158142)

MARC details
000 -LEADER
campo de control de longitud fija 00763nam a22002055i 4500
001 - NÚMERO DE CONTROL
campo de control 158142
003 - IDENTIFICADOR DE NÚMERO DE CONTROL
campo de control ES-MaACL
005 - FECHA Y HORA DE LA ÚLTIMA TRANSACCIÓN
campo de control 20230906211032.0
008 - DATOS DE LONGITUD FIJA--INFORMACIÓN GENERAL
campo de control de longitud fija 960320s1893 fr |||| | fre d
040 ## - FUENTE DE CATALOGACIÓN
Centro catalogador/agencia de origen GA
Lengua de catalogación spa
Centro/agencia transcriptor CCPB | SIC
100 1# - ENTRADA PRINCIPAL--NOMBRE DE PERSONA
Nombre de persona Loti, Pierre.
9 (RLIN) 74298
245 12 - MENCIÓN DEL TÍTULO
Título L'exilée /
Mención de responsabilidad, etc. par Pierre Loti.
260 ## - PUBLICACIÓN, DISTRIBUCIÓN, ETC.
Lugar de publicación, distribución, etc. Paris :
Nombre del editor, distribuidor, etc. Calmann Lévy, éditeur, Ancienne Maison Michel Lévy Frères,
Fecha de publicación, distribución, etc. 1893 (
Fabricante Imprimerie Chaix)
300 ## - DESCRIPCIÓN FÍSICA
Extensión [4], 269 p. ;
Dimensiones 19 cm.
490 1# - MENCIÓN DE SERIE
Mención de serie Bibliothèque Comtemporaine
594 ## - Nota al título y mención de responsabilidad
Nota al título y mención de responsabilidad Pierre Loti es seud. de Louis Marie Julien Viaud, Bompiani, t. II, p. 681.
830 0# - PUNTO DE ACCESO ADICIONAL DE SERIE-TÍTULO UNIFORME
Título uniforme Bibliothèque Comtemporaine
9 (RLIN) 221835
852 ## - LOCALIZACIÓN
Ubicación ES-MaACL
Número de control de estantería B-37
Nota libre -- Enc. hol.
Encuadernación -- Edic.: Corregir en el tit.: "L'exilée"
Holdings
Estatus retirado Estado de pérdida Estado de daño No para préstamo Colección Biblioteca de origen Biblioteca actual Ubicación en estantería Fecha de adquisición Fuente de adquisición Total de préstamos Signatura topográfica completa Código de barras Visto por última vez Precio de reemplazo Tipo de ítem Koha
        Libros del s. XIX Biblioteca del Ateneo de Madrid Biblioteca del Ateneo de Madrid Sala Pardo Bazán 17/01/2008     B-37 1165511 23/02/2023 23/02/2023 Libro impreso antiguo